Guess the Harry Styles Song - 3 - Statistics

General Stats
  • This quiz has been taken 13 times
  • The average score is 165 of 243
Answer Stats
Answer % Correct
I
100%
It
100%
it
100%
the
100%
to
100%
you
100%
I'm
90%
in
90%
In
90%
love
90%
me
90%
my
90%
We
90%
you're
90%
and
80%
for
80%
go
80%
Go
80%
it's
80%
It's
80%
no
80%
on
80%
dont
70%
don't
70%
is
70%
I've
70%
know
70%
Take
70%
up
70%
what
70%
clean
60%
Drinks
60%
elevating
60%
going
60%
knees
60%
more
60%
only
60%
prisoners
60%
sold,
60%
straight
60%
Time
60%
together
60%
told
60%
tricks
60%
wait
60%
with
60%
Aperture
50%
appears
50%
ask
50%
belong
50%
best
50%
complicated
50%
Dance
50%
finally
50%
from
50%
good
50%
lets
50%
light
50%
player
50%
review
50%
safe
50%
sleeve
50%
spaces
50%
stray
50%
these
50%
Tokyo
50%
won't
50%
another
40%
boys,
40%
cadence
40%
called
40%
doors,
40%
forth,
40%
Game
40%
halls,
40%
later
40%
questions
40%
scenes
40%
state
40%
toying
40%
Trap
40%
wanna
40%
Bad
30%
codes
30%
receive
30%
stary
10%
No matching quizzes found
Score Distribution
Percent of People with Each Score
Percentile by Number Answered
Your Score History
You have not taken this quiz